Hozier Songs by Lyrics - Statistics

General Stats
  • This quiz has been taken 40 times
  • The average score is 7 of 12
Answer Stats
Hint Answer % Correct
That looks tasty, that looks plenty Take me to church
92%
and she put her love down soft and sweet Work Song
76%
Every version of me dead and buried in the yard outside Jackie and Wilson
70%
Get Closer to me. No tired sigh, no rolling eyes From eden
65%
before those hands pulled me from the earth Like real people do
62%
And the job gets done, but you worry some Too Sweet
62%
to somehow escapes the burning weight, the art of scraping through Someone new
49%
and i play it on repeat until i fall asleep Do i wanna know
43%
I get along without you very well some other nights Almost
41%
By your grounded and giving and darkening scorn Shrike
35%
So in awe, there i stood as you licked off the grain Would that I
35%
and have your guarded heart be lifted like a child up by the land Butchered Tongue
30%
No matching quizzes found
Score Distribution
Percent of People with Each Score
Percentile by Number Answered
Your Score History
You have not taken this quiz